Normal view
MARC view
Entry Personal Name
001 - CONTROL NUMBER
- control field: 83600
003 - CONTROL NUMBER IDENTIFIER
- control field: dpl
005 - DATE AND TIME OF LATEST TRANSACTION
- control field: 20250801142704.0
008 - FIXED-LENGTH DATA ELEMENTS
- fixed length control field: 250801|| aca||aabn | a|a d
040 ## - CATALOGING SOURCE
- Original cataloging agency: dpl
- Transcribing agency: dpl
100 ## - HEADING--PERSONAL NAME
- Personal name: श्रीवास्तव ,तारकेश्वर नाथ
670 ## - SOURCE DATA FOUND
- Source citation: Work cat.: (dpl)212791: श्रीवास्तव ,तारकेश्वर नाथ , कुल्लियात ए वफ़ा गोरखपुरी /, 2021
